000
00311nam a22001337a 4500
003
SGT
020
_a
9781846147616
082
_a
820
_b
A13D
100
_a
DREZE, JEAN
245
_a
AN UNCERTAIN GLORY
_b
INDIA AND ITS CONTRADICTIONS
260
_b
ALLEN LANE PENGUIN BOOKS
_c
2013
300
_a
433
942
_2
ddc
_c
BK
999
_c
29061
_d
29061